000 00791nam a22002537a 4500
005 20250807163628.0
008 250807b |||||||| |||| 00| 0 eng d
020 _a978-1-118-82950-9(hbk)
037 _cHandbook
040 _aCRL
_cCRL
041 _2eng
_aeng
084 _aP:(S)g Q8
_qCRL
245 _aHandbook of psycholinguistics
260 _aWest Sussex, USA:
_bJohn Wiley,
_c2018.
300 _axxv,750p.
365 _b195.00
_cUSD
650 _aLINGUISTICS
650 _aPSYCHOLOGY
650 _aREFERENCE BOOKS
700 _aFernandez, Eva M.
_eEditor
_9604329
700 _aHelen Smith Cairns
_eEditor
_9817481
942 _2CC
_cREF
_hP:(S)g Q8
_n0
999 _c1434623
_d1434623